00681nam a2200217 a 4500001001000000003000400010005001700014008004100031040002500072049000900097082001500106100003700121245005400158260003700212300002000249490002200269830002800291942001400319952011300333999001700446000029007OSt20260321073641.0110413s1979 dr 000 0 spa d aDO-SdBNPbspacBNPHU aBNPD axxxxbB7421 a Bosch, Juan, d1909-200197655510aPerfil político de Pedro Santana /cJuan Bosch. aSanto Domingo :b[s. n.],c1979. a21 p. ;c15 cm.1 aEstudios sociales 0aEstudios sociales97147 2ddccLBS1 0010718PDaPDbPDcCTd2011-04-13iLF1l0oxxxx B742p29007-10r2020-06-25w2020-06-25yLFPDZNo se presta c28499d28499